| 000 -LEADER |
| fixed length control field |
00610nam a2200217Ia 4500 |
| 001 - CONTROL NUMBER |
| control field |
12633 |
| 003 - CONTROL NUMBER IDENTIFIER |
| control field |
GE_BSU |
| 008 - FIXED-LENGTH DATA ELEMENTS--GENERAL INFORMATION |
| fixed length control field |
181216s||||||||xx |||||||||||||| ||und|| |
| 040 ## - CATALOGING SOURCE |
| Transcribing agency |
GE_BSU |
| 080 ## - UNIVERSAL DECIMAL CLASSIFICATION NUMBER |
| Universal Decimal Classification number |
634.8(035) |
| 100 ## - MAIN ENTRY--PERSONAL NAME |
| Personal name |
Пелях,М.А. |
| 245 ## - TITLE STATEMENT |
| Title |
Справочник виноградара |
| 245 ## - TITLE STATEMENT |
| Statement of responsibility, etc. |
Отв.ред. А.М.Негруля. Ред. В.А. Рассошанский |
| 260 ## - PUBLICATION, DISTRIBUTION, ETC. |
| Place of publication, distribution, etc. |
Москва |
| 260 ## - PUBLICATION, DISTRIBUTION, ETC. |
| Name of publisher, distributor, etc. |
Колос |
| 260 ## - PUBLICATION, DISTRIBUTION, ETC. |
| Date of publication, distribution, etc. |
1971 |
| 300 ## - PHYSICAL DESCRIPTION |
| Extent |
343стр.22см.илл. |
| 300 ## - PHYSICAL DESCRIPTION |
| Accompanying material |
Таблицы |
| 653 ## - INDEX TERM--UNCONTROLLED |
| Uncontrolled term |
Справочник виноградара |
| 942 ## - ADDED ENTRY ELEMENTS (KOHA) |
| Koha item type |
წიგნი |